000 00964nam a2200265Ia 4500
003 OSt
005 20221005112050.0
006 a|||||r|||| 00| 0
007 ta
008 221004b |||||||| |||| 00| 0 hin d
020 _a8190332325 (hbk)
024 _a22957
037 _bGift, 03/11/2015,
_cTextual
040 _aCRL
_cCRL
_bhin
041 _2hin
_ahin
082 _aO152,6N293:g, Q1
100 _aबैलगो, परितोष
245 0 _aसर्जक आचार्य विष्णुकांत शास्त्री
246 _aSarjak āchārya viṣhṇukāanta shāstrī
260 _aशिमला
_bदुर्गा पेपर कनवर्टर्ज भारत
_c2011
300 _a396पृ0
_ccm.
650 _aहिन्दी साहित्य
942 _hO152,6N293:g, Q1
_cTEXL
_2cc
999 _c1023722
_d1023722